| 000 | 01039nam a22002177a 4500 | ||
|---|---|---|---|
| 003 | BD-DhJNU | ||
| 005 | 20260218033044.0 | ||
| 008 | 260218b |||||||| |||| 00| 0 eng d | ||
| 020 | _a9789385707247 | ||
| 040 |
_aBD-DhJNU _bENG _cBD-DhJNU _dBD-DhJNU |
||
| 082 |
_223 _a891.44209 BIS |
||
| 242 |
_aBengali drama of the 20th and 21st century : _banother attempt / _cedited by Shubhra Chatterjee |
||
| 245 |
_aবিশ ও একুশ শতকের বাংলা নাটক : _bঅন্যতর প্রয়াস / _cশুভ্রা চ্যাটার্জী কর্তৃক সম্পাদিত । |
||
| 246 |
_aBish o ekush shtker bangla natok : _bonztr pryas / |
||
| 260 |
_aকলকাতা : _bশ্রী ভারতী প্রেস, _c2018. |
||
| 300 |
_a৩৮৪পৃ. : _bচিত্র; _c২২ সেমি. |
||
| 650 | _aবাংলা নাটক | ||
| 650 | _aBengali drama | ||
| 700 |
_aশুভ্রা চ্যাটার্জী _eসম্পাদক |
||
| 942 |
_2ddc _cBK _n0 |
||
| 999 |
_c2623 _d2623 |
||